000 00217nam a22000857a 4500
008 160706b xxu||||| |||| 00| 0 eng d
100 _92383
_a Alka Publications
245 _aKnow Your Wild Animals
260 _aMumbay
_b Alka
999 _c2060
_d2060